Statistics for star wars lightsaber quiz

Click here to take the quiz!

General Stats

  • This quiz has been taken 65 times
  • The average score is 9 of 13

Answer Stats

QuestionAnswer% Correct
what type of kyber crystal colour does not exist in star wars?bronze
91%
which of these are not real types of lightsabers?lightsaber pen
81%
what colour is Rey's lightsaber?Yellow
80%
what night sister wields a curved lightsaber ?Asajj Ventress
74%
which of these lightsaber wielding baddies does star wars battlefront 2 not have?Asajj Ventress
72%
which of these star wars games has the best lightsaber customization?star wars: Jedi fallen order
72%
which of these features does Anakin's lightsaber have?adjustable blade length
70%
which planet do younglings go to build their lightsaber?ilum
69%
what happened to Qui-Gon Jinn's lightsaber?it ended up in the Jedi temple as a memorial
61%
which of these characters does not use a double bladed lightsaber?Depa Billaba
59%
which one of these Sith lords wields a purple lightsaber?Darth Traya
52%
which of these force abilities would the grand inquisitor not use in the Niman style of lightsaber combat ?psychometry
37%
which of these are not lightsaber fighting styles?Shibui
37%

Score Distribution

Percentile by Number Answered

Percent of People with Each Score

Your Score History

You have not taken this quiz